000 00300nam a22001337a 4500
008 260425b |||||||| |||| 00| 0 eng d
020 _aAPHS
040 _a30
100 _aGAUR, BANWARI LAL
245 _aAYURVED KA PRARAMBHIK ITIHAAS
260 _aSHAKSHI, JAIPUR
300 _a434
942 _c02
999 _c67980
_d67980